00550nam a2200169Ia 4500008004100000020001500041041001200056082001600068100001200084245004100096260003500137300000800172650001500180942000700195999001300202952016500215221030s9999 xx 000 0 und d a8173916047 aEnglish a105.23bNeg aJ. Negi 0aTravel Agency Operationscby J. Negi bKanishka Pub.aNew Delhic2003 a282 aManagement cBK c196d196 pMBA 761g595.00l0o105.23 Negr2024-04-19 00:00:00w2022-10-30yBK003Print40718RaMIETLIBbMIETLIBcBL-Second, FL-1, CUP-68, SH-6, R-6d2005-12-1910HMBA